000 00731nam a2200181Ia 4500
008 100921s9999 xx 000 0 und d
082 _b19964
_a928 थ 86
100 _aभावे पुरूषोत्तम भास्कर.
245 _aप्रथमपुरूषी एकवचनी-3.
260 _bविश्वमोहिनी प्रकाशन,पुणे.
_c1986
300 _a274
_b---
365 _b70
520 _aचरित्रे-साहित्यिक.
630 _aप्रथमपुरूषी एकवचनी-3.
650 _aचरित्रे-साहित्यिक.
730 _aप्रथमपुरूषी एकवचनी-3.
942 _cBOOK
999 _c769077
_d769074